00801nam a22002297a 450000500170000001000150001702000260003203500140005803700090007208200130008110000320009424500530012625000070017926000400018627000450022630000310027165000350030265000340033794200270037199900190039895201540041720241001154819.0 aENG-141860 a9789380316062c995.00 aEN-125392 bDBAD a610.821 aNatarajan, Nagarajan972279 aEasy Voyage In Medicine/cBy Nagarajan Natarajan a1  aDelhibAhuja Publishing Housec2019 aC-8/124, B Lawrence Road bDelhie110035 a534p.c28cm(pb)bill.,col. aMedicinal plantszIndia972280 aHerbs--Therapeutic use972281 2ddccENh610.8mNATe1 c206061d206061 001040708NFICaBNbBNd2024-10-01eDelivery of Books Act Divisiong995.00l0o610.8 NATpEN-125392r2024-10-01 00:00:00t1v995.00w2024-10-01yEN